Pinky and Rex / (Record no. 264821)
[ view plain ]
| 000 -LEADER | |
|---|---|
| fixed length control field | 01440pam a2200361 a 4500 |
| 001 - CONTROL NUMBER | |
| control field | 3399633 |
| 003 - CONTROL NUMBER IDENTIFIER | |
| control field | OSt |
| 005 - DATE AND TIME OF LATEST TRANSACTION | |
| control field | 20250414125121.0 |
| 008 - FIXED-LENGTH DATA ELEMENTS--GENERAL INFORMATION | |
| fixed length control field | 890202s1990 nyua j 000 1 eng |
| 010 ## - LIBRARY OF CONGRESS CONTROL NUMBER | |
| LC control number | 89030786 |
| 020 ## - INTERNATIONAL STANDARD BOOK NUMBER | |
| International Standard Book Number | 068931454X : |
| Terms of availability | $11.95 |
| 040 ## - CATALOGING SOURCE | |
| Original cataloging agency | DLC |
| Transcribing agency | DLC |
| Modifying agency | DLC |
| 042 ## - AUTHENTICATION CODE | |
| Authentication code | lcac |
| 050 00 - LIBRARY OF CONGRESS CALL NUMBER | |
| Classification number | PZ7.H83727 |
| Item number | Pi 1990 |
| 082 00 - DEWEY DECIMAL CLASSIFICATION NUMBER | |
| Classification number | [E] |
| Edition number | 19 |
| 100 1# - MAIN ENTRY--PERSONAL NAME | |
| Personal name | Howe, James, |
| Dates associated with a name | 1946- |
| 245 10 - TITLE STATEMENT | |
| Title | Pinky and Rex / |
| Statement of responsibility, etc | by James Howe ; illustrated by Melissa Sweet. |
| 250 ## - EDITION STATEMENT | |
| Edition statement | 1st ed. |
| 260 ## - PUBLICATION, DISTRIBUTION, ETC. (IMPRINT) | |
| Place of publication, distribution, etc | New York : |
| Name of publisher, distributor, etc | Atheneum, |
| Date of publication, distribution, etc | 1990. |
| 300 ## - PHYSICAL DESCRIPTION | |
| Extent | 38 p. : |
| Other physical details | col. ill. ; |
| Dimensions | 23 cm. |
| 520 ## - SUMMARY, ETC. | |
| Summary, etc | Rex and her best friend Pinky, each the proud possessor of twenty-seven stuffed animals or dinosaurs, find their visit to the museum and its gift shop complicated by Pinky's little sister Amanda. |
| 650 #1 - SUBJECT ADDED ENTRY--TOPICAL TERM | |
| Topical term or geographic name as entry element | Museums |
| Form subdivision | Fiction. |
| Topical term or geographic name as entry element | Friendship |
| Form subdivision | Fiction. |
| Topical term or geographic name as entry element | Siblings |
| Form subdivision | Fiction. |
| Topical term or geographic name as entry element | Toys |
| Form subdivision | Fiction. |
| 700 1# - ADDED ENTRY--PERSONAL NAME | |
| Personal name | Sweet, Melissa, |
| Dates associated with a name | 1956- |
| Relator term | ill. |
| 856 42 - ELECTRONIC LOCATION AND ACCESS | |
| Materials specified | Contributor biographical information |
| Uniform Resource Identifier | <a href="http://www.loc.gov/catdir/bios/simon051/89030786.html">http://www.loc.gov/catdir/bios/simon051/89030786.html</a> |
| Materials specified | Publisher description |
| Uniform Resource Identifier | <a href="http://www.loc.gov/catdir/description/simon031/89030786.html">http://www.loc.gov/catdir/description/simon031/89030786.html</a> |
| 906 ## - LOCAL DATA ELEMENT F, LDF (RLIN) | |
| a | 7 |
| b | cbc |
| c | orignew |
| d | 1 |
| e | ocip |
| f | 19 |
| g | y-gencatlg |
| 942 ## - ADDED ENTRY ELEMENTS (KOHA) | |
| Source of classification or shelving scheme | Library of Congress Classification |
| Koha item type | Long Loan Books |
| Withdrawn status | Lost status | Source of classification or shelving scheme | Damaged status | Not for loan | Collection code | Home library | Current library | Shelving location | Date acquired | Source of acquisition | Total Checkouts | Full call number | Barcode | Date last seen | Date checked out | Price effective from | Koha item type |
|---|---|---|---|---|---|---|---|---|---|---|---|---|---|---|---|---|---|
| Library of Congress Classification | Fiction | Rongo University Library | Rongo University Library | Children's Area | 14/04/2025 | ALP Donation | 1 | PZ7.H83727 Pi 1990 | CL20243827 | 21/04/2026 | 30/03/2026 | 14/04/2025 | Long Loan Books |
